Science Quiz

Random Science Quiz

Amino Acid Catabolism Quiz Stats

 Plays Quiz not verified by Sporcle

Challenge
Share
Tweet
Embed
Score 0/18 Timer 10:00
0 Plays Today
Hint Answer % Correct
Amino acid
100%
and cofactorPyridoxal-5'-phosphate (PLP)
92.3%
andAlpha-ketoglutarate
76.9%
to makeAlpha-ketoglutarate (regenerated)
76.9%
andAlpha-ketoglutarate
76.9%
viaTransaminases (or aminotransferases)
69.2%
andGlutamate
69.2%
Glutamate
69.2%
andOxaloacetate
69.2%
Hint Answer % Correct
viaTransaminases (or aminotransferases)
69.2%
Alternate pathGlutamate
69.2%
to makeAlpha-keto acid
61.5%
andH2O
61.5%
andNADPH (or NADH)
61.5%
to makeNH4+ (ammonia)
53.8%
andAspartate
46.2%
viaGlutamate dehydrogenase
38.5%
andNADP+ (or NAD+)
38.5%

You're not logged in!

Compare scores with friends on all Sporcle quizzes.
Join for Free
OR
Log In

You Might Also Like...

Show Comments

Extras

Created Dec 9, 2013ReportNominate
Tags:acid, amino

Top Quizzes Today


Score Distribution

Your Account Isn't Verified!

In order to create a playlist on Sporcle, you need to verify the email address you used during registration. Go to your Sporcle Settings to finish the process.

Report this User

Report this user for behavior that violates our Community Guidelines.

Details: